| 000 | 01013nam0a2200313 4500 | ||
|---|---|---|---|
| 001 | RU\NLR\bibl\1447254 | ||
| 005 | 20250615230501.0 | ||
| 010 | _a978-5-17-061634-3 | ||
| 021 |
_aRU _b2009-83852 _95267 |
||
| 035 | _a(NLR Aleph) 001439084 | ||
| 090 |
_a1451291 _c1451291 |
||
| 100 | _a20091021d2010 |||y0rusy50 ca | ||
| 101 | 1 |
_arus _ceng |
|
| 102 | _aRU | ||
| 105 | _ay ||||||||| | ||
| 200 | 1 |
_aМогила галеонов _e[роман] _fМартин Стивен _g[пер. с англ. С. С. Луговского] |
|
| 210 |
_aМосква _cАСТ _d2010 [т.е. 2009] |
||
| 215 |
_a317 с. _d21 |
||
| 225 | 1 | _aВсемирная история | |
| 300 | _aФактическая дата выхода в свет 2009 | ||
| 686 | _aШ6(4Вл)67-442{Лх1299-51} | ||
| 700 | 1 |
_aСтивен _bМ. _gМартин _4070 |
|
| 801 | 0 |
_aRU _bРКП _c20091021 |
|
| 801 | 1 |
_aRU _bРГБ _c20091021 |
|
| 801 | 2 |
_aRU _bNLR _c20091204 _grcr |
|
| 942 | _cBOOK | ||
| 980 | _aNB | ||